000 00344nam a22001457a 4500
008 230515b ||||| |||| 00| 0 eng d
020 _a9781565335400
041 _aeng
080 _2EDITION 9.0
_a610.73
082 _a610.73 SOM
100 _a7
101 _aINF
245 _aRN ADULT MEDICAL SURGICAL NURSING
_cSOMMER SH
942 _2udc
_cBK
999 _c59721
_d59721